000 00321nam a22001337a 4500
008 171016b xxu||||| |||| 00| 0 eng d
020 _a9780073381473
041 _aeng
080 _23RD
_a331.101.262
100 _a52
101 _aBNJ
245 _aFUNDAMENTALS OF HUMAN RESOURCE MANAGEMENT
_cNOE,R.A
942 _2udc
_cBK
999 _c34265
_d34265